Exposición del Exmo. Sr. Ministro de Hacienda al Congreso, dando cuenta del decreto de 6 de octubre ultimo, sobre dotación del fondo municipal de la capital, leida en la camara de diputados el dia 19 de enero de 1849 (Record no. 2644)

MARC details
000 -CABECERA
campo de control de longitud fija 00686nam a2200181 a 4500
001 - NÚMERO DE CONTROL
campo de control BRCA_2905
005 - FECHA Y HORA DE LA ÚLTIMA TRANSACCIÓN
campo de control 20190320204025.0
008 - DATOS DE LONGITUD FIJA--INFORMACIÓN GENERAL
campo de control de longitud fija 111208s1849----mx-a---###---#000-0#spa-#
050 #4 - SIGNATURA TOPOGRÁFICA DE LA BIBLIOTECA DEL CONGRESO
Número de clasificación HJ803
Número de documento/Ítem .P56 1849
100 1# - ENTRADA PRINCIPAL--NOMBRE DE PERSONA
Nombre de persona Piña y Cuevas, Manuel
9 (RLIN) 8085
245 10 - MENCIÓN DE TÍTULO
Título Exposición del Exmo. Sr. Ministro de Hacienda al Congreso, dando cuenta del decreto de 6 de octubre ultimo, sobre dotación del fondo municipal de la capital, leida en la camara de diputados el dia 19 de enero de 1849
Mención de responsabilidad, etc. Manuel Piña y Cuevas.
260 ## - PUBLICACIÓN, DISTRIBUCIÓN, ETC.
Lugar de publicación, distribución, etc. México
Nombre del editor, distribuidor, etc. Vicente Garcia Torres
Fecha de publicación, distribución, etc. 1849
300 ## - DESCRIPCIÓN FÍSICA
Extensión 46 p.
Otras características físicas il.
Dimensiones 25 cm.
500 ## - NOTA GENERAL
Nota general B38
650 14 - PUNTO DE ACCESO ADICIONAL DE MATERIA--TÉRMINO DE MATERIA
Término de materia o nombre geográfico como elemento de entrada Finanzas públicas
9 (RLIN) 8086
902 ## - CATALOGADOR
Iniciales GFM
942 ## - ELEMENTOS DE PUNTO DE ACCESO ADICIONAL (KOHA)
Fuente del sistema de clasificación o colocación Library of Congress Classification
Tipo de ítem Koha Libros
Holdings
Estado de retiro Estado de pérdida Estado dañado No para préstamo Localización permanente Ubicación/localización actual Fecha de adquisición Número de inventario Total de préstamos Signatura topográfica completa Código de barras Fecha visto por última vez Precio válido a partir de Tipo de ítem Koha
El ejemplar forma parte de la colección y puede ser consultado según las políticas vigentes.       Biblioteca del Museo Franz Mayer (Rogerio Casas-Alatriste) Biblioteca del Museo Franz Mayer (Rogerio Casas-Alatriste) 11/12/2008 B38   HJ803 .P56 1849 (B38) 2902 22/03/2019 22/03/2019 Libros